000 00990nam0a22002531 4500
001 rc\859746
005 20260406121138.0
035 _a(NLR Aleph) 006039536
090 _a7613021
_c7613021
100 _a20041129d1984 |||y0rusy50 ca
101 0 _arus
102 _aRU
105 _aa |||||||||
200 1 _aРоль магматизма в эволюции литосферы
_e[Сб. ст.]
_fАН СССР, Отд-ние геологии, геофизики и геохимии, Петрогр. ком.
_gОтв. ред. В.С. Соболев
210 _aМ.
_cНаука
_d1984
215 _a191 с., 1 л. ил.
_cил.
_d21
320 _aБиблиогр. в конце ст.
702 1 _aСоболев
_bВ.С.
_gВладимир Степанович
_4340
712 0 2 _aАН СССР
_bПетрографический комитет
_3RU\NLR\AUTH\8813684
_9300416
801 0 _aRU
_bNLR
_gpsbo
801 1 _aRU
_bELAR
_2rusmarc
852 _aNLR
_j84-5/3811
942 _cBOOK
980 _aNB